Hlas ticha hlas ticha a jiné vybrané fragmenty z Knihy Zlatých Pravidel

Bibliographic Details
Main Author: Blavatskaja, Jelena Petrovna, 1831-1891 (Author)
Other Authors: Weinfurter, Karel, 1867-1942 (Translator)
Format: Book
Language:Czech
English
PhysicalDescription:66 s. 21 cm
Published: Bratislava Glóbus [1995]
ISBN:8096711962
Series:Živá díla minulosti
Subjects:

MARC

LEADER 00000cam a2200000 a 4500
001 vtls001078898
003 SK-MaSNL
005 20260301153222.0
008 240226s1995 xo gr 000 0 cze
015 |a SNBA1995/06 
020 |a 8096711962  |q (brožované) 
035 |a SNK000021733 
040 |a SNK  |b slo  |c SNK  |e AACR2 
041 1 |a cze  |h eng 
044 |a xo  |c SK 
072 7 |a 29  |x Moderné duchovné hnutia  |2 konspekt 
080 |a 299(5)  |2 2011 
080 |a (0:82-4)  |2 2011 
100 1 |a Blavatskaja, Jelena Petrovna,  |d 1831-1891  |4 aut  |9 514536 
245 1 0 |a Hlas ticha  |b hlas ticha a jiné vybrané fragmenty z Knihy Zlatých Pravidel  |c H. P. Blavatská ; přeložil Karel Weinfurter 
260 |a Bratislava  |b Glóbus  |c [1995]  |e S.l.FIDAT  |f FIDAT 
300 |a 66 s.  |c 21 cm 
490 1 |a Živá díla minulosti 
650 0 7 |a orientálna filozofia  |2 SNKPH  |9 67669 
650 0 7 |a Oriental philosophy  |2 SNKPHeng  |9 277448 
655 7 |a úvahy  |2 SNKPH  |9 29403 
655 7 |a Essays  |2 SNKPHeng  |9 267540 
700 1 |a Weinfurter, Karel,  |d 1867-1942  |4 trl  |9 151751 
830 0 |a Živá díla minulosti  |9 284249 
919 |a 80-967119-6-2 
954 |a iná literatúra (príručky, kuchárske knihy, hobby literatúra, sprievodcovia) cudzojazyčná (svetová)  |2 lita 
958 |a EUIPO 
958 |a OND 
958 |a UP 
958 |a CZ 
968 |b ENG 
999 |c 792014  |d 793944 
952 |a SNK  |b SNK  |y VYP  |7 0  |p 17A0015950  |o snkSC 88168 D1  |0 0  |1 0  |4 0  |d 1996-10-28  |l 0  |r 2004-12-31 00:00:00  |w 2026-02-24 
952 |a SNK  |b SNK  |y PREZ  |7 0  |p 17A1013659  |o snkSC 88168  |i snkKSP 474/95  |0 0  |1 0  |4 0  |d 2013-05-30  |f 1  |l 0  |r 2026-02-24 01:41:18  |w 2026-02-24